[Event "GRENKE Chess Open 2017"]
[Site "Karlsruhe GER"]
[Date "2017.04.15"]
[Round "4.35"]
[White "Sadzikowski, Daniel"]
[Black "Ondersteijn, Niels"]
[Result "1-0"]
[WhiteTitle "IM"]
[BlackTitle "FM"]
[WhiteElo "2547"]
[BlackElo "2367"]
[WhiteFideId "1132253"]
[BlackFideId "1011162"]
[EventDate "2017.04.13"]

1. c4 g6 2. e4 c5 3. Nf3 Nc6 4. d4 cxd4 5. Nxd4 Nf6 6. Nc3 d6 7. f3 Nxd4 8. Qxd4
Bg7 9. Be3 O-O 10. Qd2 Be6 11. Rc1 Qa5 12. b3 Rfc8 13. Be2 a6 14. Na4 Qxd2+ 15.
Kxd2 Nd7 16. g4 f5 17. exf5 gxf5 18. Rhg1 fxg4 19. fxg4 Rf8 20. Nc3 Rac8 21. Nd5
Bxd5 22. cxd5 Bb2 23. Rxc8 Rxc8 24. Bd3 Kg7 25. Bf5 Rc7 26. g5 Ne5 27. Ke2 Ng6
28. h3 b5 29. Rg4 Ne5 30. Rg1 Ng6 31. Rf1 Be5 32. Be4 Rc8 33. Bd2 Ra8 34. Bd3
Rf8 35. Rxf8 Kxf8 36. Kf3 Bd4 37. Kg3 Be5+ 38. Kg4 Bd4 39. Be2 Bb6 40. h4 Kf7
41. h5 Nf8 42. Bd3 Kg8 43. Bf5 a5 44. Bc3 b4 45. Bb2 Be3 46. Bc8 Bc5 47. Kf5 Be3
48. g6 1-0

[Event "GRENKE Chess Open 2017"]
[Site "Karlsruhe GER"]
[Date "2017.04.15"]
[Round "4.36"]
[White "Loeffler, Stefan"]
[Black "Demuth, Adrien"]
[Result "1/2-1/2"]
[WhiteTitle "IM"]
[BlackTitle "GM"]
[WhiteElo "2378"]
[BlackElo "2529"]
[WhiteFideId "4603257"]
[BlackFideId "642274"]
[EventDate "2017.04.13"]

1. Nf3 d5 2. c4 e6 3. d4 Nf6 4. Bg5 h6 5. Bxf6 Qxf6 6. g3 dxc4 7. Bg2 c5 8. Nc3
cxd4 9. Qxd4 Qxd4 10. Nxd4 a6 11. O-O Bc5 12. Rfd1 Ra7 13. Ne4 Bxd4 14. Rxd4 b5
15. a4 Rd7 16. Rxd7 Bxd7 17. axb5 axb5 18. Ra7 Ke7 19. Rb7 Rc8 20. Nc3 Na6 21.
Nxb5 Nc5 22. Ra7 Rb8 23. Bc6 Rb6 24. Bxd7 Nxd7 25. Ra5 Nb8 26. Ra7+ Nd7 27. Ra5
Nb8 28. Ra7+ 1/2-1/2

[Event "GRENKE Chess Open 2017"]
[Site "Karlsruhe GER"]
[Date "2017.04.15"]
[Round "4.37"]
[White "Meinhardt, Maximilian"]
[Black "Schneider, Ilja"]
[Result "1/2-1/2"]
[WhiteTitle "IM"]
[BlackTitle "IM"]
[WhiteElo "2374"]
[BlackElo "2516"]
[WhiteFideId "4668766"]
[BlackFideId "4663306"]
[EventDate "2017.04.13"]

1. e4 c6 2. d4 d5 3. exd5 cxd5 4. c4 Nf6 5. Nc3 Nc6 6. Nf3 Be6 7. c5 g6 8. h3
Bg7 9. Bb5 Ne4 10. O-O O-O 11. Re1 Qa5 12. Bxc6 Nxc3 1/2-1/2

[Event "GRENKE Chess Open 2017"]
[Site "Karlsruhe GER"]
[Date "2017.04.15"]
[Round "4.39"]
[White "Wieczorek, Oskar"]
[Black "Miedema, David"]
[Result "0-1"]
[WhiteTitle "IM"]
[BlackTitle "IM"]
[WhiteElo "2484"]
[BlackElo "2353"]
[WhiteFideId "1133950"]
[BlackFideId "1018477"]
[EventDate "2017.04.13"]

1. e4 e6 2. d4 d5 3. Nc3 Bb4 4. e5 c5 5. a3 Bxc3+ 6. bxc3 Ne7 7. h4 Qc7 8. h5 h6
9. Nf3 b6 10. Bb5+ Bd7 11. Bd3 c4 12. Be2 Ba4 13. Bf4 Na6 14. g4 O-O-O 15. Qd2
Kb7 16. Nh4 Rdf8 17. Bg3 Qd7 18. Ng2 Nc7 19. Ne3 f5 20. exf6 gxf6 21. Ng2 Nb5
22. Bf4 Ng8 23. Nh4 Re8 24. Ng6 Rh7 25. O-O Nd6 26. f3 Ne7 27. Nxe7 Qxe7 28. Rf2
Rg8 29. Re1 Nf7 30. Bd1 Bd7 31. Qc1 f5 32. Rg2 Qf6 33. Qe3 fxg4 34. fxg4 Ng5 35.
Rf1 Qe7 36. Bxg5 Rxg5 37. Qc1 e5 38. dxe5 Qxe5 39. Qd2 Rhg7 40. Rf4 Qe7 41. Bf3
Bc6 42. Qc1 Re5 43. Kf1 Qh4 44. Qd2 Rge7 45. Rf2 d4 46. Kg2 Bxf3+ 47. R4xf3
Qxg4+ 48. Rg3 Qe4+ 49. Rff3 dxc3 50. Qxc3 Rxh5 51. Kg1 Qh4 52. Rh3 Re1+ 53. Kh2
Re2+ 54. Kh1 Qe1+ 55. Qxe1 Rxe1+ 56. Kg2 Re2+ 57. Kf1 Rxh3 58. Rf7+ Ka6 59. Kxe2
Rxa3 0-1

[Event "GRENKE Chess Open 2017"]
[Site "Karlsruhe GER"]
[Date "2017.04.15"]
[Round "4.42"]
[White "Mesaros, Florian"]
[Black "Ider, Borya"]
[Result "1-0"]
[WhiteTitle "FM"]
[BlackTitle "IM"]
[WhiteElo "2335"]
[BlackElo "2458"]
[WhiteFideId "1629220"]
[BlackFideId "4901134"]
[EventDate "2017.04.13"]

1. Nf3 d5 2. d4 Nf6 3. c4 e6 4. g3 dxc4 5. Bg2 Bb4+ 6. Bd2 a5 7. Qc2 Bxd2+ 8.
Qxd2 c6 9. a4 Ne4 10. Qc1 Nd6 11. Ne5 Nd7 12. Nd2 Qf6 13. Ndxc4 Nxc4 14. Qxc4
Nxe5 15. dxe5 Qxe5 16. Bxc6+ Ke7 17. f4 Qc7 18. Qc5+ Qd6 19. Qg5+ Kf8 20. Rd1
Qb4+ 21. Kf1 f6 22. Rd8+ Kf7 23. Be8+ Ke7 24. Qxg7+ Kxd8 25. Qxh8 e5 26. Bb5+
Kc7 27. Qxh7+ Kb8 28. Kg2 exf4 29. Rc1 Ka7 30. Rc4 f3+ 31. Kxf3 Qe1 32. Qc7 Bh3
33. Qc5+ Kb8 34. Qc7+ Ka7 35. Qc5+ Kb8 36. Rc1 Qd2 37. Qf8+ Ka7 38. Qc5+ Kb8 39.
Rc3 Qd8 40. Re3 b6 41. Qh5 Bc8 42. Re8 Qd6 43. Qf5 Kc7 44. Qc2+ Kb7 45. Qe4+ Ka7
46. Bc6 Qd1 47. Qe7+ 1-0

[Event "GRENKE Chess Open 2017"]
[Site "Karlsruhe GER"]
[Date "2017.04.15"]
[Round "4.43"]
[White "Pijpers, Arthur"]
[Black "Koscielski, Janusz"]
[Result "1/2-1/2"]
[WhiteTitle "IM"]
[BlackTitle "FM"]
[WhiteElo "2457"]
[BlackElo "2330"]
[WhiteFideId "1019554"]
[BlackFideId "4614437"]
[EventDate "2017.04.13"]

1. e4 c5 2. Nf3 d6 3. d4 cxd4 4. Nxd4 Nf6 5. Nc3 a6 6. Bg5 Nc6 7. Qd2 h6 8. Bxf6
gxf6 9. O-O-O e6 10. Kb1 Bd7 11. f4 Be7 12. g4 Nxd4 13. Qxd4 Qa5 14. Qd2 Bc6 15.
Bc4 b5 16. Bd3 O-O-O 17. Qe3 Kb8 18. a3 Bb7 19. Rhe1 Qc7 20. Bf1 Qc5 21. Qd2 h5
22. h3 hxg4 23. hxg4 Rh4 24. Be2 Rh2 25. Rh1 Rdh8 26. Rxh2 Rxh2 27. Qd3 Rh8 28.
Bf3 Rh3 29. Qe2 Rg3 30. Rd3 Qg1+ 31. Rd1 Qc5 32. Rd3 Qg1+ 33. Rd1 Qc5 1/2-1/2

[Event "GRENKE Chess Open 2017"]
[Site "Karlsruhe GER"]
[Date "2017.04.15"]
[Round "5.1"]
[White "Erdos, Viktor"]
[Black "Matlakov, Maxim"]
[Result "1/2-1/2"]
[WhiteTitle "GM"]
[BlackTitle "GM"]
[WhiteElo "2593"]
[BlackElo "2707"]
[WhiteFideId "719978"]
[BlackFideId "4168003"]
[EventDate "2017.04.13"]

1. Nf3 d5 2. d4 Nf6 3. c4 e6 4. Nc3 Bb4 5. Qa4+ Nc6 6. e3 O-O 7. Qc2 Re8 8. a3
Bxc3+ 9. bxc3 Na5 10. cxd5 exd5 11. Bd3 c5 12. dxc5 Qc7 13. a4 Qxc5 14. Ba3 Qc7
15. Nd4 a6 16. O-O Bd7 17. Rfe1 Rac8 18. Bb4 Nc4 19. Bxc4 dxc4 20. e4 Ng4 21.
Nf3 Bc6 22. h3 Ne5 23. Nxe5 Qxe5 24. a5 Bxe4 25. Qe2 Qg5 26. Qg4 Qd5 27. f3 Bf5
28. Qg3 h6 29. Rxe8+ Rxe8 30. Re1 Rd8 31. Qe5 Be6 32. Qxd5 Rxd5 33. Kf2 g5 34.
Re4 h5 35. Ke1 Rb5 36. f4 gxf4 37. Rxf4 b6 38. axb6 a5 39. Be7 Rxb6 40. g4 hxg4
41. hxg4 Rb2 42. g5 Kg7 43. Rf6 Rh2 44. Rf2 Rh3 45. Kd2 Rd3+ 46. Kc2 Rd7 47.
Bf6+ Kg6 48. Kb2 Rd5 49. Rg2 Rd1 50. Re2 Rd5 51. Rg2 Bd7 52. Rf2 Rb5+ 53. Ka2
Be6 54. Rg2 Bd5 55. Rf2 Be4 56. Ka3 Rb1 57. Bd8 Rb3+ 58. Ka4 Bf5 59. Bf6 Bd7+ 1/2-1/2

[Event "GRENKE Chess Open 2017"]
[Site "Karlsruhe GER"]
[Date "2017.04.15"]
[Round "5.3"]
[White "Svane, Rasmus"]
[Black "Moiseenko, Alexander"]
[Result "1/2-1/2"]
[WhiteTitle "GM"]
[BlackTitle "GM"]
[WhiteElo "2573"]
[BlackElo "2670"]
[WhiteFideId "4657101"]
[BlackFideId "14102560"]
[EventDate "2017.04.13"]

1. d4 Nf6 2. c4 e6 3. g3 d5 4. Bg2 dxc4 5. Nf3 Bd7 6. Ne5 Bc6 7. Nxc6 Nxc6 8.
O-O Qd7 9. e3 O-O-O 10. Nd2 e5 11. Nxc4 exd4 12. Qb3 Qe6 13. Bxc6 bxc6 14. exd4
Rxd4 15. Na5 Qxb3 16. axb3 Kd7 17. Be3 Rd3 18. Nc4 Bd6 19. Bc5 Ke6 20. Rfe1+ Kf5
21. Bxd6 cxd6 22. Rxa7 Kg6 23. Rc7 Re8 24. Rxe8 Nxe8 25. Rc8 Nf6 26. Rxc6 Rd1+
27. Kg2 d5 28. Ne5+ Kf5 29. Nf3 g5 30. b4 Ne4 31. h3 h5 32. g4+ hxg4 33. hxg4+
Kxg4 34. b5 Kf4 35. b6 Rd3 36. b4 Rxf3 37. b7 Rxf2+ 38. Kg1 Kf3 39. b8=Q Rd2 40.
Qb5 Rd1+ 41. Qf1+ Rxf1+ 42. Kxf1 d4 43. Ra6 Nc3 44. Rf6+ Ke3 45. Rxf7 d3 46.
Re7+ Kd2 47. b5 Nxb5 48. Re5 Nc3 49. Rxg5 Kc2 50. Rg2+ d2 51. Rxd2+ Kxd2 1/2-1/2

[Event "GRENKE Chess Open 2017"]
[Site "Karlsruhe GER"]
[Date "2017.04.15"]
[Round "5.4"]
[White "Annaberdiev, Meilis"]
[Black "Grandelius, Nils"]
[Result "1/2-1/2"]
[WhiteTitle "IM"]
[BlackTitle "GM"]
[WhiteElo "2459"]
[BlackElo "2641"]
[WhiteFideId "14000563"]
[BlackFideId "1710400"]
[EventDate "2017.04.13"]

1. e4 e5 2. Nf3 Nc6 3. Bc4 Nf6 4. d3 h6 5. O-O d6 6. Re1 Na5 7. a4 Nxc4 8. dxc4
Be7 9. Nc3 O-O 10. a5 Be6 11. b3 c6 12. Ba3 Qc7 13. Nh4 Rad8 14. Qf3 Nxe4 15.
Qxe4 f5 16. Nxf5 Rxf5 17. Qe3 Bg5 18. Qxa7 Bd2 19. Ne4 Bxe1 20. Rxe1 c5 21. Rd1
Rf7 22. Nc3 Rfd7 23. h3 Qc6 24. Qb6 Qxb6 25. axb6 Ra8 26. Nb5 Ra6 27. Nc7 Rxc7
28. bxc7 Kf7 29. Bb2 1/2-1/2

[Event "GRENKE Chess Open 2017"]
[Site "Karlsruhe GER"]
[Date "2017.04.15"]
[Round "5.8"]
[White "Kuzubov, Yuriy"]
[Black "Moskalenko, Alexander"]
[Result "1-0"]
[WhiteTitle "GM"]
[BlackTitle "IM"]
[WhiteElo "2641"]
[BlackElo "2514"]
[WhiteFideId "14112906"]
[BlackFideId "4155351"]
[EventDate "2017.04.13"]

1. e4 e5 2. Nf3 Nc6 3. Bb5 Nf6 4. d3 Bc5 5. Bxc6 dxc6 6. Nbd2 Nd7 7. Nc4 f6 8.
Qe2 Nb6 9. Na5 Bb4+ 10. Bd2 Bxa5 11. Bxa5 c5 12. Nd2 Be6 13. f4 Nd7 14. Qh5+ Bf7
15. Qg4 O-O 16. Bc3 exf4 17. Qxf4 Nb8 18. O-O Nc6 19. Rf2 Qd6 20. Qe3 a5 21. a4
b6 22. Nf3 Rad8 23. Raf1 Be6 24. b3 Nd4 25. Qc1 f5 26. exf5 Rxf5 27. Nxd4 Rxf2
28. Rxf2 cxd4 29. Bd2 Qd7 30. Bf4 Re8 31. Re2 Bd5 32. Qe1 Rxe2 33. Qxe2 c5 34.
Bc7 Qe6 35. Qxe6+ Bxe6 36. Kf2 c4 37. bxc4 Bd7 38. Bxb6 Bxa4 39. Bxa5 Bxc2 40.
Ke2 Kf7 41. Bb6 Ba4 42. Bxd4 g6 43. h4 Ke6 44. g3 Kf5 45. Ke3 h5 46. Bb6 Bb3 47.
Kd4 Bc2 48. Kc3 Bd1 49. Bd8 Be2 50. Bg5 Bf1 51. d4 Ke4 52. d5 Bh3 53. Kb4 Ke5
54. Kc5 Bf1 55. Bf4+ Kf6 56. Kd4 1-0

[Event "GRENKE Chess Open 2017"]
[Site "Karlsruhe GER"]
[Date "2017.04.15"]
[Round "5.9"]
[White "Lampert, Jonas"]
[Black "Banusz, Tamas"]
[Result "1/2-1/2"]
[WhiteTitle "IM"]
[BlackTitle "GM"]
[WhiteElo "2511"]
[BlackElo "2613"]
[WhiteFideId "1303759"]
[BlackFideId "722413"]
[EventDate "2017.04.13"]

1. d4 d5 2. c4 c6 3. Nf3 Nf6 4. Nbd2 Bf5 5. Nh4 Be6 6. e3 g6 7. Be2 Bg7 8. b3 c5
9. Nhf3 Nc6 10. Bb2 Ne4 11. O-O O-O 12. Rc1 Nxd2 13. Qxd2 cxd4 14. exd4 Bg4 15.
h3 Bxf3 16. Bxf3 dxc4 17. Bxc6 bxc6 18. Rxc4 1/2-1/2

[Event "GRENKE Chess Open 2017"]
[Site "Karlsruhe GER"]
[Date "2017.04.15"]
[Round "5.10"]
[White "Landa, Konstantin"]
[Black "Baron, Tal"]
[Result "1/2-1/2"]
[WhiteTitle "GM"]
[BlackTitle "GM"]
[WhiteElo "2611"]
[BlackElo "2528"]
[WhiteFideId "4101685"]
[BlackFideId "2809958"]
[EventDate "2017.04.13"]

1. e4 e6 2. d4 d5 3. Nc3 Bb4 4. exd5 exd5 5. Bd3 Nc6 6. Ne2 Nge7 7. O-O Bf5 8.
Bf4 O-O 9. Bxf5 Nxf5 10. Qd3 Nce7 1/2-1/2

[Event "GRENKE Chess Open 2017"]
[Site "Karlsruhe GER"]
[Date "2017.04.15"]
[Round "5.11"]
[White "Kantor, Gergely"]
[Black "Bosiocic, Marin"]
[Result "0-1"]
[WhiteTitle "IM"]
[BlackTitle "GM"]
[WhiteElo "2470"]
[BlackElo "2610"]
[WhiteFideId "751499"]
[BlackFideId "14507927"]
[EventDate "2017.04.13"]

1. d4 Nf6 2. c4 e6 3. Nf3 b6 4. g3 Ba6 5. b3 Bb4+ 6. Bd2 Be7 7. Nc3 d5 8. cxd5
exd5 9. Bg2 O-O 10. O-O Bb7 11. Rc1 Nbd7 12. Ne5 Re8 13. Rc2 h6 14. Bc1 Bd6 15.
Nd3 c6 16. Bf4 Be7 17. b4 Bf8 18. Qb1 a5 19. a3 axb4 20. axb4 Ne4 21. Qb3 Nxc3
22. Qxc3 Qe7 23. Qb3 Qe6 24. Rfc1 g5 25. Be3 b5 26. Bd2 Nb6 27. Nc5 Bxc5 28.
bxc5 Nc4 29. Bb4 Bc8 30. e3 Qg6 31. Ra2 Rxa2 32. Qxa2 Bf5 33. Qa7 Be4 34. Bxe4
Qxe4 35. Re1 Kg7 36. Qa1 f5 37. Qa6 Qe6 38. Ra1 Kg6 39. Qb7 Rf8 40. Ra6 Rf6 41.
Ra1 Kh5 42. Qh7 Kg4 43. Ra7 Qe4 44. Qe7 Re6 45. Qf7 Qb1+ 46. Kg2 Nxe3+ 47. fxe3
Qe4+ 48. Kf1 Qf3+ 49. Kg1 Qxe3+ 50. Kf1 Qf3+ 51. Kg1 Qd1+ 0-1

[Event "GRENKE Chess Open 2017"]
[Site "Karlsruhe GER"]
[Date "2017.04.15"]
[Round "5.13"]
[White "Studer, Noel"]
[Black "Saric, Ivan"]
[Result "1/2-1/2"]
[WhiteTitle "IM"]
[BlackTitle "GM"]
[WhiteElo "2486"]
[BlackElo "2609"]
[WhiteFideId "1319620"]
[BlackFideId "14508150"]
[EventDate "2017.04.13"]

1. d4 Nf6 2. c4 e6 3. g3 c5 4. Nf3 cxd4 5. Nxd4 d5 6. Bg2 e5 7. Nf3 d4 8. O-O
Nc6 9. e3 Be7 10. exd4 exd4 11. Bf4 O-O 12. Re1 Re8 13. Nbd2 d3 14. Qb3 a5 15.
c5 a4 16. Qc4 Qd5 17. Ne5 Qxc4 18. Ndxc4 Nxe5 19. Nxe5 Bxc5 20. Nxd3 Rxe1+ 21.
Rxe1 Bf8 22. Rc1 Be6 23. Bxb7 Ra7 24. Bf3 Bxa2 25. Be3 Rd7 26. Nc5 Bxc5 27. Rxc5
h6 28. Ra5 Bb3 29. Kg2 Rd8 30. h4 Nd5 31. Bc5 Rc8 32. h5 Rd8 33. Kh2 Rc8 34. Kg2
Rd8 35. Kh2 1/2-1/2

[Event "GRENKE Chess Open 2017"]
[Site "Karlsruhe GER"]
[Date "2017.04.15"]
[Round "5.14"]
[White "Onischuk, Vladimir"]
[Black "Zumsande, Martin"]
[Result "1-0"]
[WhiteTitle "GM"]
[BlackTitle "IM"]
[WhiteElo "2599"]
[BlackElo "2467"]
[WhiteFideId "14114038"]
[BlackFideId "4651324"]
[EventDate "2017.04.13"]

1. e4 e6 2. d4 d5 3. Bd3 c5 4. exd5 exd5 5. Nf3 c4 6. Be2 Nf6 7. O-O Be7 8. b3
cxb3 9. axb3 Nc6 10. c4 O-O 11. Nc3 Bg4 12. Be3 Nb4 13. Qd2 Re8 14. Rfd1 h6 15.
Rac1 Rc8 16. c5 Nc6 17. Ne5 Bxe2 18. Qxe2 Bf8 19. Nxc6 Rxc6 20. b4 Rce6 21. Qa2
a6 22. Bf4 Ne4 23. Nxe4 Rxe4 24. Be5 Rg4 25. h3 Rg6 26. Rb1 Qd7 27. Qb3 Rge6 28.
Bg3 Be7 29. b5 Bf6 30. Kh2 Re4 31. c6 bxc6 32. bxa6 Qa7 33. Qb7 R4e7 34. Re1
Bxd4 35. Rxe7 Rxe7 36. Qxc6 Re6 37. Qxd5 Rxa6 38. Rb8+ Kh7 39. Rd8 Ba1 40. Rd7
Qa8 41. Qd3+ Rg6 42. h4 Qa5 43. Rd5 Qc3 44. Qe4 f5 45. Qxf5 Qf6 46. Qb1 h5 47.
Rd6 1-0

[Event "GRENKE Chess Open 2017"]
[Site "Karlsruhe GER"]
[Date "2017.04.15"]
[Round "5.15"]
[White "Ostrovskiy, Andrey"]
[Black "Indjic, Aleksandar"]
[Result "0-1"]
[WhiteTitle "IM"]
[BlackTitle "GM"]
[WhiteElo "2456"]
[BlackElo "2589"]
[WhiteFideId "14110326"]
[BlackFideId "911925"]
[EventDate "2017.04.13"]

1. e4 c5 2. Nf3 d6 3. d4 cxd4 4. Nxd4 Nf6 5. Nc3 a6 6. h3 e5 7. Nde2 h5 8. Bg5
Be6 9. Bxf6 Qxf6 10. Nd5 Qd8 11. Nec3 Nd7 12. Bc4 Rc8 13. Bb3 Nc5 14. O-O g6 15.
f4 f5 16. Qe1 Nxb3 17. axb3 Bg7 18. Qg3 Kf7 19. Rad1 h4 20. Qf2 Rf8 21. fxe5
Bxe5 22. Nf4 Qg5 23. Qd2 Rc6 24. exf5 Bxf5 25. Ne4 Qd8 26. Nd3 Kg7 27. Nxe5 Qb6+
28. Kh1 dxe5 29. Nd6 Qc7 30. c3 Qe7 31. Rfe1 Kh7 32. Nc4 e4 33. Ne3 Qg5 34. Rf1
Rf7 35. Ng4 Qxd2 36. Rxd2 Rb6 37. b4 Rb5 38. Ne3 a5 39. bxa5 Rxa5 40. Kg1 Kh6
41. Rd6 Kg5 42. Rfd1 Ra2 43. Rb6 Ra5 44. c4 Kf4 45. Kf2 Kg5 46. Ke2 Kf4 47. Rf1+
Ke5 48. Rd1 Kf4 49. Rd8 Ra1 50. Rb3 Bd7 51. Rg8 Kg5 52. Rc3 Ba4 53. b3 Ra2+ 54.
Ke1 Bc6 55. Rc2 Ra1+ 56. Ke2 Rb1 57. Rc3 Rd7 58. Nd5 Bxd5 59. cxd5 Rxd5 60. Rg7
Rb2+ 61. Ke3 Rd3+ 62. Rxd3 exd3 63. Rxb7 Rxg2 64. Rb5+ Kh6 65. Kxd3 Rg3+ 66. Ke4
Rxh3 67. Kf4 Rg3 68. Rb8 g5+ 69. Kf5 Rf3+ 70. Kg4 Rf4+ 71. Kh3 Rd4 72. b4 Kg6
73. b5 Rd3+ 74. Kg2 Kh5 75. Rc8 Rb3 76. Rc5 h3+ 77. Kf2 Kh4 78. Rc8 Rxb5 79.
Rc4+ g4 80. Rc8 Rb2+ 81. Ke3 Kg3 82. Kd4 0-1

[Event "GRENKE Chess Open 2017"]
[Site "Karlsruhe GER"]
[Date "2017.04.15"]
[Round "5.16"]
[White "Kulaots, Kaido"]
[Black "Dann, Matthias"]
[Result "1-0"]
[WhiteTitle "GM"]
[BlackTitle "IM"]
[WhiteElo "2588"]
[BlackElo "2493"]
[WhiteFideId "4500261"]
[BlackFideId "24638056"]
[EventDate "2017.04.13"]

1. e4 e6 2. d4 d5 3. Nc3 Bb4 4. e5 Ne7 5. a3 Bxc3+ 6. bxc3 c5 7. h4 Bd7 8. a4
Qa5 9. Bd2 c4 10. h5 h6 11. Rh3 Bxa4 12. Bc1 Nbc6 13. Qd2 b5 14. Ba3 Kd7 15. Rf3
Raf8 16. Ne2 Qd8 17. g3 a5 18. Bh3 Kc7 19. Kf1 Kb7 20. Bc5 Qc7 21. Re3 Ra8 22.
Nf4 Qd7 23. Ree1 Ra6 24. Ra2 Ka8 25. Ng2 Nd8 26. Qf4 Nec6 27. Rb1 Nb7 28. Ba3
Rb8 29. Bc1 Qe8 30. Ne3 Nbd8 31. Bg2 Ka7 32. Qg4 Qf8 33. Kg1 f5 34. exf6 gxf6
35. Qf4 Nb7 36. Ng4 f5 37. Ne5 Nxe5 38. dxe5 Ka8 39. Bf3 Qh8 40. Be3 Rc8 41.
Qxh6 Qxe5 42. Bd4 Qd6 43. Qg7 Nc5 44. h6 Ra7 45. Qg6 Qe7 46. Bxc5 Qxc5 47. Qxe6
Rd8 48. Rd1 Rad7 49. Qxf5 Ka7 50. h7 Qe7 51. Rxd5 1-0

[Event "GRENKE Chess Open 2017"]
[Site "Karlsruhe GER"]
[Date "2017.04.15"]
[Round "5.17"]
[White "Graf, Alexander"]
[Black "Hansen, Torbjorn Ringdal"]
[Result "1-0"]
[WhiteTitle "GM"]
[BlackTitle "GM"]
[WhiteElo "2577"]
[BlackElo "2442"]
[WhiteFideId "4680804"]
[BlackFideId "1501720"]
[EventDate "2017.04.13"]

1. d4 Nf6 2. c4 e6 3. Nc3 Bb4 4. e3 b6 5. Bd3 Bb7 6. Nf3 O-O 7. O-O c5 8. Bd2 d6
9. a3 Bxc3 10. Bxc3 Ne4 11. Bxe4 Bxe4 12. Nd2 Bg6 13. dxc5 bxc5 14. Qf3 Nd7 15.
Ne4 d5 16. cxd5 exd5 17. Ng3 Nb6 18. Rfd1 Qg5 19. b4 cxb4 20. axb4 h5 21. Ne2 h4
22. Qf4 Qh5 23. Qd4 Qh6 24. Nf4 Bc2 25. Rdc1 Bb3 26. Ra3 Bc4 27. Rca1 h3 28.
Nxh3 a6 29. Nf4 Rfb8 30. Ra5 f6 31. Ne6 Ra7 32. Nc5 Rba8 33. Qg4 Kh7 34. Bd4 Nc8
35. Qe6 Qh5 36. f3 Bb5 37. h3 Re7 38. Qg4 Qxg4 39. hxg4 Rea7 40. Na4 Rb7 41. Nc3
Rab8 42. Nxd5 Bc4 43. Rc5 Bb5 44. Nc7 Nd6 45. Nxa6 Bxa6 46. Rxa6 Nb5 47. Ba1 Nc7
48. Rac6 Ra8 49. Bxf6 1-0

[Event "GRENKE Chess Open 2017"]
[Site "Karlsruhe GER"]
[Date "2017.04.15"]
[Round "5.18"]
[White "Noe, Christopher"]
[Black "Heimann, Andreas"]
[Result "1/2-1/2"]
[WhiteTitle "IM"]
[BlackTitle "GM"]
[WhiteElo "2435"]
[BlackElo "2577"]
[WhiteFideId "24692018"]
[BlackFideId "24624632"]
[EventDate "2017.04.13"]

1. d4 Nf6 2. c4 g6 3. f3 d5 4. cxd5 Nxd5 5. e4 Nb6 6. Nc3 Bg7 7. Be3 O-O 8. Qd2
Nc6 9. O-O-O Na5 10. b3 Nc6 11. d5 Nb4 12. Bd4 Bxd4 13. Qxd4 a5 14. h4 Qd6 15.
e5 Qd8 16. h5 Bf5 17. g4 Bc2 18. Rd2 c5 19. dxc6 Qxd4 20. Rxd4 bxc6 21. Rh2 c5
22. Rdd2 gxh5 23. Rxc2 Nxc2 24. Kxc2 hxg4 25. fxg4 a4 26. Bd3 axb3+ 27. axb3 c4
28. bxc4 Rfc8 29. Kb3 Nd7 30. Nf3 Nc5+ 31. Kc2 Rd8 32. Rd2 Kg7 33. Be2 f6 34.
Rxd8 Rxd8 35. Nd5 fxe5 36. Nxe7 e4 37. Nd4 Kf6 38. Nd5+ Kg5 39. Kd2 Ra8 40. Nb5
Nd3 41. Nd6 Nf2 42. Nf7+ Kh4 43. Nh6 Kg5 44. Ke3 Rf8 45. Ne7 Kxh6 46. Nf5+ Kg5
47. Kxf2 h5 48. Ke3 hxg4 49. Ng3 Kh4 50. Nxe4 1/2-1/2

[Event "GRENKE Chess Open 2017"]
[Site "Karlsruhe GER"]
[Date "2017.04.15"]
[Round "5.20"]
[White "Kunin, Vitaly"]
[Black "Schmidek, Emil"]
[Result "1/2-1/2"]
[WhiteTitle "GM"]
[WhiteElo "2567"]
[BlackElo "2391"]
[WhiteFideId "4128737"]
[BlackFideId "12908150"]
[EventDate "2017.04.13"]

1. d4 Nf6 2. c4 g6 3. Nc3 d5 4. cxd5 Nxd5 5. e4 Nxc3 6. bxc3 Bg7 7. Nf3 c5 8. h3
O-O 9. Be2 Nc6 10. Be3 Qa5 11. O-O Rd8 12. d5 Ne5 13. Nd2 c4 14. Bd4 Qc7 15. f4
Nd3 16. Bxd3 Bxd4+ 17. cxd4 cxd3 18. Rc1 Qb6 19. Nf3 Bd7 20. Rb1 Qa6 21. Qb3 Kg7
22. Qb4 Kf8 23. Rb2 Rac8 24. Qxb7 Qxb7 25. Rxb7 a6 26. Rd1 Bb5 27. Ne5 f5 28.
exf5 gxf5 29. Nxd3 Rxd5 30. Ne5 Rcd8 31. Re1 Rxd4 32. Nf3 Re4 33. Rc1 Rc4 34.
Re1 Re4 35. Rc1 Rc4 36. Rxc4 Bxc4 37. Rb2 Rd1+ 38. Kh2 Ra1 39. Rb8+ Kg7 40. Re8
e6 41. Re7+ Kg8 42. Ne5 Bd5 43. Nd7 Rxa2 44. Nf6+ Kf8 45. Nxd5 exd5 46. Rxh7 Ra5
47. h4 Kg8 48. Rd7 Rb5 49. h5 a5 50. Kg3 a4 51. Ra7 Rb4 52. Ra5 d4 53. Rxf5 d3
54. Kf2 a3 55. Ra5 Rb2+ 56. Ke3 d2 57. Ke2 a2 58. g4 Rb1 59. Kxd2 a1=Q 60. Rxa1
Rxa1 61. Ke3 Rg1 62. g5 Kg7 63. Kf3 Rh1 64. Kg4 Rh2 65. f5 Rg2+ 66. Kf4 Rf2+ 67.
Ke5 Re2+ 68. Kf4 Rf2+ 69. Ke5 1/2-1/2

[Event "GRENKE Chess Open 2017"]
[Site "Karlsruhe GER"]
[Date "2017.04.15"]
[Round "5.21"]
[White "Vrolijk, Liam"]
[Black "Sumets, Andrey"]
[Result "1/2-1/2"]
[WhiteTitle "FM"]
[BlackTitle "GM"]
[WhiteElo "2378"]
[BlackElo "2559"]
[WhiteFideId "1048333"]
[BlackFideId "14105500"]
[EventDate "2017.04.13"]

1. d4 Nf6 2. c4 e6 3. Nc3 Bb4 4. Qc2 O-O 5. Nf3 d5 6. a3 Bxc3+ 7. Qxc3 dxc4 8.
Qxc4 b6 9. Bg5 Bb7 10. Rc1 c5 11. dxc5 h6 12. Bxf6 Qxf6 13. Qc3 Qxc3+ 14. Rxc3
Rc8 15. e3 Nd7 16. c6 Rxc6 17. Rxc6 Bxc6 18. Be2 Rc8 19. O-O Bd5 1/2-1/2

[Event "GRENKE Chess Open 2017"]
[Site "Karlsruhe GER"]
[Date "2017.04.15"]
[Round "5.22"]
[White "Martinovic, Sasa"]
[Black "Mesaros, Florian"]
[Result "1-0"]
[WhiteTitle "GM"]
[BlackTitle "FM"]
[WhiteElo "2551"]
[BlackElo "2335"]
[WhiteFideId "14509792"]
[BlackFideId "1629220"]
[EventDate "2017.04.13"]

1. d4 d5 2. c4 e6 3. Nc3 Bb4 4. a3 Bxc3+ 5. bxc3 Nf6 6. e3 b6 7. cxd5 exd5 8.
Bd3 O-O 9. Ne2 Ba6 10. O-O Qc8 11. f3 Re8 12. Ng3 c5 13. Bf5 Qb7 14. Rf2 Nc6 15.
e4 dxe4 16. fxe4 Ne7 17. e5 Nxf5 18. Nxf5 Ne4 19. Rf4 Nxc3 20. Qg4 f6 21. Nd6
Qe7 22. Rxf6 Ne2+ 23. Kh1 Nxd4 24. Nxe8 Rxe8 25. Bf4 Bc8 26. Qg5 Be6 27. Bd2 Nb3
28. Rd1 Rd8 29. Rff1 Qd7 30. Be3 Qxd1 31. Rxd1 Rxd1+ 32. Bg1 h6 33. Qh5 Rd8 34.
h3 c4 35. Qg6 Bf7 36. Qc6 Re8 37. e6 Rxe6 38. Qxc4 Re7 39. Qc8+ Kh7 40. Qd8 Rb7
41. Qd3+ Kg8 42. Qd8+ Kh7 43. Kh2 Be6 44. Qe8 Bf5 45. Qb5 Be6 46. Qe5 Re7 47.
Qd6 Re8 48. Qc6 Re7 49. Qd6 Re8 50. Qc7 Bd5 51. Qd7 Re5 52. Qd6 Rg5 53. g4 Bg8
54. Be3 Rd5 55. Qe7 Ra5 56. h4 Kh8 57. h5 Nc5 58. Bxh6 gxh6 59. Qf6+ Kh7 60.
Qg6+ Kh8 61. Qxh6+ Bh7 62. Qf6+ Kg8 63. h6 1-0